00715 2200253 4500001002100000005001700021008004100038020002200079035002400101040001200125082001200137084001800149100001800167245007700185250001100262260003800273300003700311500001100348504003100359650001800390700001900408850001200427990002200439INLIS00000000002227320160905110212.0  a978-0-19-922802-7 0010-091600000000045 aYOPDYOG 223a951 aDEP 951 Mit C aMITTLER, RANA aChina modern menguasai duniac/ Rana Mittler; penerjemah, Freddy Mutiara aCet. 1 aYogyakartabPustaka Pelajarc2011 axii, 207 hlm.b: ilus.c; 21 cm. aIndeks aBibliografi : hlm. 191-196 aRevolusi Cina aFreddy Mutiara aYOPDYOG aCB-D.11/2011-1283